African performance review (Record no. 38057)

MARC details
000 -LEADER
fixed length control field 00488nam a2200169Ia 4500
022 ## - INTERNATIONAL STANDARD SERIAL NUMBER
ISSN 17535964
050 ## - CALL MARK
Classification number PN 2969 .A37/
245 #0 - TITLE STATEMENT
Title African performance review
260 ## - PUBLICATION, DISTRIBUTION, ETC. (IMPRINT)
Place of publication London
260 ## - PUBLICATION, DISTRIBUTION, ETC. (IMPRINT)
Name of publisher Adonis & Abbey Publishers Ltd.
260 ## - PUBLICATION, DISTRIBUTION, ETC. (IMPRINT)
Year of publication 2011
300 ## - PHYSICAL DESCRIPTION
Number of Pages 100 p. : ill. ; 24 cm.
650 ## - SUBJECT ADDED ENTRY--TOPICAL TERM
Topical Term Theater--Africa. African drama--History and criticism. Politics and literature--Africa.
942 ## - ADDED ENTRY ELEMENTS (KOHA)
Koha item type Serials

No items available.